| 000 | 00897cam a22002777a 4500 | ||
|---|---|---|---|
| 003 | CHAP | ||
| 005 | 20220329134309.0 | ||
| 008 | 971013s r 00010 d | ||
| 010 | _a18335 | ||
| 011 | _a19307 | ||
| 035 | _a23392 | ||
| 040 | _cCHAP | ||
| 090 | _aR-2319 | ||
| 100 | 0 | 0 |
_aDesai, Gunvant M. _931961 |
| 245 | 1 | 4 | _aThe decoloration hypothesis and yield-incresing inputs in india agriculture |
| 500 | _aSobretiro de : Indian Journal of Agriculturas Economics 38:497-508, 1983 | ||
| 590 |
_aBATCH-UPD _b10 _c20130110 _lUCH01 _h0316 |
||
| 590 |
_aBATCH-UPD _b10 _c20130110 _lUCH01 _h2230 |
||
| 590 |
_aBATCH-UPD _b10 _c20130410 _lUCH01 _h1525 |
||
| 590 |
_aCONVERSION _b10 _c20130109 _lUCH01 _h1311 |
||
| 650 | 1 | 4 |
_aAgricultura _xAspectos economicos _xIndia. _91257 |
| 700 | 0 |
_aNamboodiri, N. V. _980099 |
|
| 901 | _aBK | ||
| 942 | _cREIMP | ||
| 949 |
_aR-2319 _bBC _cR _d-54457 _eTS1 _i23392 _si |
||
| 999 |
_c18335 _d18335 |
||